<?xml version="1.0" encoding="UTF-8"?><?xml-stylesheet type="text/xsl" href="static/style.xsl"?><OAI-PMH xmlns="http://www.openarchives.org/OAI/2.0/" xmlns:xsi="http://www.w3.org/2001/XMLSchema-instance" xsi:schemaLocation="http://www.openarchives.org/OAI/2.0/ http://www.openarchives.org/OAI/2.0/OAI-PMH.xsd"><responseDate>2026-06-29T07:25:06Z</responseDate><request verb="GetRecord" identifier="oai:docta.ucm.es:20.500.14352/103942" metadataPrefix="marc">https://docta.ucm.es/rest/oai/request</request><GetRecord><record><header><identifier>oai:docta.ucm.es:20.500.14352/103942</identifier><datestamp>2024-05-13T12:13:56Z</datestamp><setSpec>com_20.500.14352_14</setSpec><setSpec>col_20.500.14352_15</setSpec></header><metadata><record xmlns="http://www.loc.gov/MARC21/slim" xmlns:dcterms="http://purl.org/dc/terms/" xmlns:xsi="http://www.w3.org/2001/XMLSchema-instance" xmlns:doc="http://www.lyncode.com/xoai" xsi:schemaLocation="http://www.loc.gov/MARC21/slim http://www.loc.gov/standards/marcxml/schema/MARC21slim.xsd">
   <leader>00925njm 22002777a 4500</leader>
   <datafield ind2=" " ind1=" " tag="042">
      <subfield code="a">dc</subfield>
   </datafield>
   <datafield ind2=" " ind1=" " tag="720">
      <subfield code="a">Alvira Cabrer, Martín</subfield>
      <subfield code="e">author</subfield>
   </datafield>
   <datafield ind2=" " ind1=" " tag="260">
      <subfield code="c">2000</subfield>
   </datafield>
   <datafield ind2=" " ind1=" " tag="520">
      <subfield code="a">Tras ser elegido por méritos propios abad general de la poderosa Orden del Císter, el catalán Arnaldo Amalarico (1225) dirigió como legado papal la lucha pacífica y luego violenta de la Iglesia contra el catarismo occitano. Su liderazgo no sólo...), Arnaldo perdió su anterior protagonismo, desprestigiándose en una pugna feudal por el ducado de Narbona debida a ambiciones señoriales y, quizá, familiares. Personalidad excepcional, el cisterciense Arnaldo Amalarico es, sin duda, uno de los principales</subfield>
   </datafield>
   <datafield ind1="8" ind2=" " tag="024">
      <subfield code="a">Alvira Cabrer, Martín, “Le vénérable Arnaud Amaury : image et réalité d’un cistercien entre deux croisades”, Heresis, 32 (2000), pp. 3-35.</subfield>
   </datafield>
   <datafield ind1="8" ind2=" " tag="024">
      <subfield code="a">0758-3737</subfield>
   </datafield>
   <datafield ind1="8" ind2=" " tag="024">
      <subfield code="a">https://hdl.handle.net/20.500.14352/103942</subfield>
   </datafield>
   <datafield ind2="0" ind1="0" tag="245">
      <subfield code="a">Le "vénérable" Arnaud Amaury : image et réalité d’un cistercien entre deux croisades</subfield>
   </datafield>
</record></metadata></record></GetRecord></OAI-PMH>